000 00286nam a22001337a 4500
008 170912b xxu||||| |||| 00| 0 eng d
020 _a9780805387360
041 _aeng
080 _a53
100 _a43
101 _aFIZ
245 _aPARTICE PHYSICS
_cSEIDEN,A
942 _2udc
_cBK
999 _c27368
_d27368